000 004320000a22001570004500
003 MACL
005 20160310162126.0
008 160310b xxu||||| |||| 00| 0 eng d
040 _aMACL
_cMACL
041 _aHindi
082 _a891.433
245 _aयुद्ध के बाद
260 _bराजकमल प्रकाशन
_aनई दिल्‍ली
650 _aStories
_944652
942 _cHIN
_k891.433
_2ddc
999 _c26207
_d26207